000 nam a22 7a 4500
999 _c28666
_d28666
008 170314b xxu||||| |||| 00| 0 eng d
020 _a9781269357746
050 _aLB 2395.3 .W56 2007
100 _aWintner, Gene
245 _aTextcerpts:
_bMastering College Textbook Reading/
_cGene Wintner
250 _a2nd ed.
260 _aNew York:
_bLongman,
_c2007.
300 _ax,368p.:
_bill.;
_c28cm.
521 _aIncludes index.
942 _2lcc
_cBOOKS
_hLB 2395.3 .W56 2007